000 00288nam a2200121 a 4500
008 101022s1975|||| d
100 1 _aLarionovová, Oľga
245 1 0 _aLeopard z Kilimandžára
020 _c12
041 _aslo
260 _bTatran
_aBratislava
_c1975
044 _axo
_cSK
999 _c12044
_d12044